[Event "Khanty-Mansiysk Governor Cup 20th"]
[Site "Khanty-Mansiysk"]
[Date "2024.11.06"]
[Round "2"]
[White "Novoselov, Alexander"]
[Black "Sychev, Sergey A"]
[Result "1/2-1/2"]
[WhiteElo "2174"]
[BlackElo "2271"]
[PlyCount "67"]
[EventDate "2024.11.05"]
[EventType "swiss"]
[EventRounds "9"]
[EventCountry "RUS"]
[SourceTitle "CB47_2024"]
[SourceDate "2024.11.20"]
[SourceVersion "1"]
[SourceVersionDate "2024.11.20"]
[SourceQuality "1"]

1. e4 e5 2. Nf3 Nf6 3. Nc3 Bb4 4. Nxe5 Qe7 5. Nd3 Bxc3 6. dxc3 Qxe4+ 7. Qe2 0-0 8. Qxe4 Nxe4 9. Bf4 d6 10. 0-0-0 h6 11. f3 Nf6 12. Nf2 Nc6 13. Bd3 Re8 14. Rhe1 Bd7 15. c4 Rxe1 16. Rxe1 Nb4 17. a3 Nxd3+ 18. cxd3 Re8 19. Rxe8+ Nxe8 20. Kc2 Kf8 21. Kc3 Ke7 22. b4 a6 23. Kb3 g5 24. Be3 Ng7 25. g4 f5 26. a4 Bc6 27. f4 Ne6 28. fxg5 f4 29. Bd2 Nd4+ 30. Kc3 Ne2+ 31. Kb3 Nd4+ 32. Kc3 Ne2+ 33. Kb3 Nd4+ 34. Kc3 1/2-1/2

[Event "Khanty-Mansiysk Governor Cup-B 5th"]
[Site "Khanty-Mansiysk"]
[Date "2009.11.30"]
[Round "7"]
[White "Gusarov, Grigory"]
[Black "Sychev, Sergey A"]
[Result "1/2-1/2"]
[WhiteElo "2356"]
[BlackElo "2295"]
[PlyCount "63"]
[EventDate "2009.11.24"]
[EventType "swiss"]
[EventRounds "11"]
[EventCountry "RUS"]
[SourceTitle "EXT 2011"]
[Source "ChessBase"]
[SourceDate "2010.11.26"]
[SourceVersion "1"]
[SourceVersionDate "2010.11.26"]
[SourceQuality "1"]

1. d4 d5 2. c4 c6 3. Nc3 Nf6 4. Nf3 e6 5. Qb3 Be7 6. g3 0-0 7. Bg2 Nbd7 8. 0-0 Qb6 9. Qc2 dxc4 10. e4 Qa6 11. e5 Nd5 12. Bg5 f6 13. exf6 gxf6 14. Bh6 Rf7 15. Rae1 Nf8 16. Bh3 Nc7 17. g4 Ng6 18. Bg2 Nd5 19. h4 b5 20. h5 Ngf4 21. Nxd5 Nxd5 22. g5 fxg5 23. Nxg5 Bxg5 24. Bxg5 Rf5 25. Re5 Bd7 26. Be4 Raf8 27. Bxf5 Rxf5 28. Rxf5 exf5 29. Qe2 Qb6 30. Qd2 b4 31. Bh6 Kf7 32. Rc1 1/2-1/2

[Event "Dimitrovgrad-ch"]
[Site "Dimitrovgrad"]
[Date "2009.??.??"]
[Round "3"]
[White "Abramov, Sergey"]
[Black "Sychev, Sergey A"]
[Result "1-0"]
[WhiteElo "2055"]
[BlackElo "2295"]
[PlyCount "81"]
[EventDate "2009.08.??"]
[EventType "swiss"]
[EventRounds "9"]
[EventCountry "RUS"]
[SourceTitle "EXT 2012"]
[Source "ChessBase"]
[SourceDate "2011.11.24"]
[SourceVersion "1"]
[SourceVersionDate "2011.11.24"]
[SourceQuality "1"]

1. e4 e5 2. Nf3 Nc6 3. Bb5 a6 4. Ba4 Nf6 5. 0-0 b5 6. Bb3 Bc5 7. Re1 Ng4 8. Re2 0-0 9. h3 Nf6 10. c3 d6 11. d4 Bb6 12. d5 Ne7 13. Bg5 Ng6 14. Nbd2 h6 15. Be3 Nh5 16. Nf1 Nhf4 17. Re1 f5 18. exf5 Bxf5 19. Bxb6 cxb6 20. Ng3 Bd7 21. Bc2 Qf6 22. Ne4 Qe7 23. Re3 Rf7 24. Kh2 Raf8 25. Ng1 Bf5 26. g3 Nxd5 27. Qxd5 Be6 28. Qd2 d5 29. f3 dxe4 30. Bxe4 Qg5 31. Bxg6 Qxg6 32. Rae1 Bxa2 33. Rxe5 Bb3 34. Qe3 Rf6 35. f4 Qc2+ 36. Re2 Qd1 37. Nf3 Rd6 38. Nd4 Bd5 39. Rxd5 Rg6 40. Nf3 Kh7 41. Rxd1 1-0

[Event "Dimitrovgrad-ch"]
[Site "Dimitrovgrad"]
[Date "2009.??.??"]
[Round "2"]
[White "Sychev, Sergey A"]
[Black "Akimov, Gennadiy"]
[Result "1-0"]
[WhiteElo "2295"]
[BlackElo "2015"]
[PlyCount "127"]
[EventDate "2009.08.??"]
[EventType "swiss"]
[EventRounds "9"]
[EventCountry "RUS"]
[SourceTitle "EXT 2012"]
[Source "ChessBase"]
[SourceDate "2011.11.24"]
[SourceVersion "1"]
[SourceVersionDate "2011.11.24"]
[SourceQuality "1"]

1. e4 c5 2. c3 e5 3. Nf3 Nc6 4. d4 exd4 5. cxd4 cxd4 6. Nxd4 Nf6 7. Nxc6 bxc6 8. e5 Qa5+ 9. Nc3 Qxe5+ 10. Be2 Bb4 11. Bd2 0-0 12. 0-0 d5 13. Rc1 Bd6 14. g3 Qe7 15. Re1 Be6 16. Bf3 Qd7 17. Bg5 Ng4 18. Rxe6 fxe6 19. Bxg4 Qf7 20. Qe2 e5 21. Bh3 h6 22. Bd2 Rae8 23. Na4 Qb7 24. b3 Rf6 25. Nc5 Bxc5 26. Rxc5 Ref8 27. Be1 e4 28. Bg2 Qe7 29. Qe3 h5 30. h4 Qd7 31. Qd4 Qg4 32. Kh2 g5 33. hxg5 Qxg5 34. Qxe4 Qxg3+ 35. Kxg3 dxe4 36. Rxh5 Rg6+ 37. Kh2 Rf4 38. Rh3 Kf7 39. Re3 Re6 40. Kg1 Rg6 41. Kf1 Re6 42. Ke2 Ke7 43. Bb4+ Kf7 44. Bc5 a6 45. Bf1 Rf5 46. b4 Rg5 47. Kd2 Rf6 48. Bc4+ Rd5+ 49. Ke2 Rf4 50. Bxd5+ cxd5 51. f3 Ke6 52. fxe4 dxe4 53. Kd2 Kd5 54. Kc3 Rf1 55. Re2 Rf3+ 56. Be3 Rh3 57. a4 Rg3 58. b5 axb5 59. axb5 Rg8 60. Kb4 Ra8 61. Rd2+ Ke5 62. b6 Ke6 63. Bf4 Ra1 64. Rb2 1-0

[Event "Dimitrovgrad Petrosian Memorial op"]
[Site "Dimitrovgrad"]
[Date "2008.06.09"]
[Round "8"]
[White "Sychev, Sergey A"]
[Black "Ulanov, Sergei"]
[Result "1-0"]
[WhiteElo "2295"]
[BlackElo "2218"]
[PlyCount "51"]
[EventDate "2008.06.01"]
[EventType "swiss"]
[EventRounds "9"]
[EventCountry "RUS"]
[SourceTitle "CBM 124 Extra"]
[Source "ChessBase"]
[SourceDate "2008.07.03"]
[SourceVersion "1"]
[SourceVersionDate "2008.07.03"]
[SourceQuality "1"]

1. e4 d5 2. exd5 Qxd5 3. Nc3 Qe6+ 4. Be2 Qg6 5. Nf3 Qxg2 6. Rg1 Qh3 7. d4 c6 8. Rg3 Qd7 9. Ne4 Qc7 10. Neg5 f6 11. Nh3 Be6 12. Bf4 Qa5+ 13. Bd2 Qb6 14. c4 Nd7 15. Nf4 Bf7 16. d5 Nh6 17. Qc2 g5 18. Ne6 Bg6 19. Qc3 c5 20. Bxg5 Nf5 21. Bf4 Rc8 22. Rg2 Bh6 23. Bxh6 Nxh6 24. 0-0-0 Qd6 25. Qd2 Nf5 26. Bd3 1-0

[Event "Dimitrovgrad Petrosian Memorial op"]
[Site "Dimitrovgrad"]
[Date "2008.06.04"]
[Round "3"]
[White "Sychev, Sergey A"]
[Black "Umanski, Anatoli"]
[Result "0-1"]
[WhiteElo "2295"]
[BlackElo "1862"]
[PlyCount "100"]
[EventDate "2008.06.01"]
[EventType "swiss"]
[EventRounds "9"]
[EventCountry "RUS"]
[SourceTitle "CBM 124 Extra"]
[Source "ChessBase"]
[SourceDate "2008.07.03"]
[SourceVersion "1"]
[SourceVersionDate "2008.07.03"]
[SourceQuality "1"]

1. e4 e5 2. d4 exd4 3. c3 dxc3 4. Bc4 Nf6 5. Nxc3 Bb4 6. e5 Qe7 7. Qe2 Ng8 8. Nf3 h6 9. 0-0 Bxc3 10. bxc3 Nc6 11. a4 d6 12. Ba3 Be6 13. exd6 cxd6 14. Rfe1 0-0-0 15. Bxe6+ fxe6 16. Qxe6+ Qxe6 17. Rxe6 d5 18. Rg6 Rd7 19. Nd4 Nf6 20. Nxc6 bxc6 21. f3 Re8 22. Kf2 Rf7 23. Re1 Kd7 24. Rxe8 Kxe8 25. Ke3 Rb7 26. Kd4 Kf7 27. Rg3 Nd7 28. f4 Rb1 29. Re3 Rd1+ 30. Rd3 c5+ 31. Ke3 Rxd3+ 32. Kxd3 Ke6 33. Ke3 Kd6 34. a5 Nb8 35. f5 Nc6 36. g4 Nxa5 37. Kf4 Nc4 38. Bc1 Ke7 39. g5 hxg5+ 40. Kxg5 Kf7 41. f6 gxf6+ 42. Kh6 a5 43. Kh7 a4 44. h4 a3 45. Bxa3 Nxa3 46. h5 Nc4 47. h6 Ne3 48. Kh8 d4 49. cxd4 cxd4 50. Kh7 Ng4 0-1

[Event "Moscow op-B 04th"]
[Site "Moscow"]
[Date "2008.02.07"]
[Round "6"]
[White "Sychev, Sergey A"]
[Black "Popelyshev, Igor Viktorovich"]
[Result "1-0"]
[WhiteElo "2289"]
[BlackElo "2194"]
[PlyCount "63"]
[EventDate "2008.02.02"]
[EventType "swiss"]
[EventRounds "9"]
[EventCountry "RUS"]
[SourceTitle "CBM 122 Extra"]
[Source "ChessBase"]
[SourceDate "2008.03.04"]
[SourceVersion "1"]
[SourceVersionDate "2008.03.04"]
[SourceQuality "1"]

1. e4 c5 2. Nc3 Nc6 3. g3 g6 4. Bg2 Bg7 5. d3 e6 6. Be3 d6 7. Qd2 Nd4 8. Nd1 e5 9. c3 Ne6 10. Ne2 Nf6 11. Bh6 Bxh6 12. Qxh6 Ng4 13. Qd2 Qg5 14. f4 exf4 15. Nxf4 Nxf4 16. Qxf4 Qxf4 17. gxf4 Bd7 18. h3 Nh6 19. 0-0 0-0-0 20. a4 Bc6 21. c4 Rhe8 22. a5 Ng8 23. f5 g5 24. f6 Re6 25. Ne3 Rxf6 26. Rxf6 Nxf6 27. Rf1 Nd7 28. Rxf7 Ne5 29. Rxh7 Nxd3 30. Rg7 Nxb2 31. Rxg5 Nd3 32. Nd5 1-0

[Event "Moscow op-B 04th"]
[Site "Moscow"]
[Date "2008.02.05"]
[Round "4"]
[White "Sychev, Sergey A"]
[Black "Pranizin, Gennady"]
[Result "1-0"]
[WhiteElo "2289"]
[BlackElo "2038"]
[PlyCount "69"]
[EventDate "2008.02.02"]
[EventType "swiss"]
[EventRounds "9"]
[EventCountry "RUS"]
[SourceTitle "CBM 122 Extra"]
[Source "ChessBase"]
[SourceDate "2008.03.04"]
[SourceVersion "1"]
[SourceVersionDate "2008.03.04"]
[SourceQuality "1"]

1. e4 e5 2. Nc3 Nf6 3. g3 Bb4 4. Bg2 0-0 5. Nge2 c6 6. a3 Ba5 7. f4 exf4 8. 0-0 d5 9. e5 Ng4 10. gxf4 d4 11. Ne4 d3 12. cxd3 Qxd3 13. h3 Bb6+ 14. Kh1 f5 15. hxg4 fxe4 16. f5 h5 17. Nf4 Qg3 18. d4 Qh4+ 19. Bh3 e3 20. Qb3+ Kh7 21. Qxe3 Bxd4 22. Qxd4 hxg4 23. f6 gxf6 24. e6 gxh3 25. Rf3 Qe1+ 26. Kh2 Bxe6 27. Qd3+ f5 28. Rxh3+ Kg8 29. Bd2 Qxa1 30. Qg3+ Kf7 31. Qg6+ Ke7 32. Qxe6+ Kd8 33. Rd3+ Kc7 34. Ba5+ b6 35. Qe7+ 1-0

[Event "Moscow op-B 04th"]
[Site "Moscow"]
[Date "2008.02.04"]
[Round "3"]
[White "Gordievsky, Dmitry"]
[Black "Sychev, Sergey A"]
[Result "1-0"]
[WhiteElo "2131"]
[BlackElo "2289"]
[PlyCount "113"]
[EventDate "2008.02.02"]
[EventType "swiss"]
[EventRounds "9"]
[EventCountry "RUS"]
[SourceTitle "CBM 122 Extra"]
[Source "ChessBase"]
[SourceDate "2008.03.04"]
[SourceVersion "1"]
[SourceVersionDate "2008.03.04"]
[SourceQuality "1"]

1. d4 d5 2. c4 Bf5 3. cxd5 Bxb1 4. Qa4+ c6 5. dxc6 Nxc6 6. Rxb1 e5 7. Bd2 Qxd4 8. Qxd4 exd4 9. g3 Bc5 10. Bg2 Bb6 11. Nh3 Nf6 12. Nf4 0-0 13. 0-0 Rfe8 14. Rfd1 g5 15. Nd3 h6 16. Kf1 Ne4 17. Rbc1 Re6 18. Bh3 Rf6 19. b4 Re8 20. Bg2 Nxf2 21. Nxf2 d3 22. e3 Rxe3 23. Bxe3 Bxe3 24. Rb1 Rxf2+ 25. Kg1 Rc2+ 26. Kh1 Ne5 27. h3 f5 28. Bxb7 Kg7 29. a4 g4 30. Bg2 d2 31. Bf1 Rc1 32. Be2 gxh3 33. b5 Ng4 34. Bxg4 fxg4 35. a5 h5 36. Kh2 h4 37. b6 axb6 38. a6 Rc3 39. a7 Rc8 40. Rb3 Bf2 41. gxh4 Ra8 42. Rxd2 g3+ 43. Kxh3 Rxa7 44. Rb5 Ra1 45. Rg5+ Kf7 46. Rd7+ Kf6 47. Rd6+ Kf7 48. Kg2 Rg1+ 49. Kf3 Rf1 50. Rdg6 Be1+ 51. Ke2 Rh1 52. h5 b5 53. Rf5+ Ke7 54. Rf1 Rxf1 55. Kxf1 Bd2 56. h6 Kf7 57. h7 1-0